[Event "XVIII Orsha GM 2020"]
[Site "Orsha"]
[Date "2020.01.21"]
[Round "5.1"]
[White "Moiseenko, Vadim"]
[Black "Lazavik, Denis"]
[Result "1/2-1/2"]
[WhiteElo "2534"]
[BlackElo "2411"]
[Annotator "TA"]
[PlyCount "43"]
[EventDate "2020.01.18"]
[EventType "tourn"]
[EventCountry "BLR"]
[SourceTitle "playchess.com"]
[Source "ChessBase"]
[SourceQuality "1"]

{[%evp 9,43,20,19,20,27,30,17,27,32,0,0,0,0,0,0,0,7,0,11,0,8,6,26,31,29,29,26,30,31,26,29,27,27,2,5,0]} 1. Nf3 d5 2. c4 c6 3. e3 Nf6 4. Nc3 Bf5 5. Qb3 Qb6 6. Qxb6 {A11: English Opening: 1...c6} axb6 7. cxd5 Nxd5 8. Nxd5 cxd5 9. Bb5+ Bd7 10. Bxd7+ Kxd7 $146 ({Predecessor:} 10... Nxd7 11. d4 e6 12. Ke2 Bd6 {0-1 (25) Djuric,S (2535)-Votava,J (2435) Rishon Le Ziyyon 1992}) 11. Ne5+ Ke8 12. d4 e6 13. Bd2 Bd6 14. Nd3 Ke7 15. Ke2 Nd7 16. Rhc1 Rhc8 17. Rxc8 Rxc8 18. Bb4 Bxb4 19. Nxb4 Kd6 20. Rd1 Nb8 21. Rd3 Na6 22. Nxa6 {Accuracy: White = 67%, Black = 67%.} 1/2-1/2

[Event "XVIII Orsha GM 2020"]
[Site "Orsha"]
[Date "2020.01.21"]
[Round "5.2"]
[White "Gleizerov, Evgeny"]
[Black "Nozdrachev, Vladislav"]
[Result "0-1"]
[WhiteElo "2508"]
[BlackElo "2494"]
[Annotator "TA"]
[PlyCount "56"]
[EventDate "2020.01.18"]
[EventType "tourn"]
[EventCountry "BLR"]
[SourceTitle "playchess.com"]
[Source "ChessBase"]
[SourceQuality "1"]

{[%evp 14,80,12,19,31,15,12,8,12,18,50,58,52,37,49,-13,-8,-16,-10,-68,0,0,0,0,4,-25,-16,-17,-22,-37,0,0,-1,-45,-41,-43,-45,-87,-2,-87,-84,-97,-96,-94,-87,-101,-56,-125,-123,-427,-427,-423,-428,-613,-602,-839,-832,-825,-822,-1210,-1159,-1459,-1437,-1894,-1877,-1785,-1580,-1694,-1669]} 1. d4 d5 2. c4 e6 3. Nf3 Nf6 4. g3 Be7 5. Bg2 O-O 6. Qb3 c6 7. O-O dxc4 8. Qxc4 b5 {E06: Closed Catalan: Early deviations.} 9. Qb3 Bb7 10. Rd1 Qb6 {The position is equal.} 11. Nc3 {[#]} b4 $146 ({Predecessor:} 11... Nbd7 12. Bg5 a6 13. a4 Rfd8 14. Be3 Rac8 15. d5 Bc5 16. dxe6 Bxe3 17. exf7+ Kh8 18. fxe3 Qxe3+ {½-½ (23) De Oliveira,M (2475)-Hill,G (2395) ICCF email 2015}) 12. Na4 Qb5 13. Bg5 Nbd7 14. e4 (14. Rac1 $14) 14... c5 $11 {aiming for ...c4.} 15. Bf1 Qc6 16. dxc5 (16. Re1 $11) 16... Nxc5 (16... Qxe4 $15 17. Bg2 Bd5) 17. Nxc5 Qxc5 18. Rac1 Qa5 19. Bxf6 Bxf6 20. Rc4 Rab8 21. Rd7 Qb5 22. Rcc7 Qb6 {Strongly threatening ...Bc6.} 23. e5 (23. Nd2 $5 {[%cal Rd2c4]} Rfc8 24. Nc4 Qxc7 25. Rxc7 Rxc7 26. Qxb4 $11) 23... Bd8 24. Rc2 Bd5 25. Bc4 {[#]} Bc6 (25... Be4 $1 $17 26. Re2 Bc6) 26. Rd1 (26. Bxe6 $1 $11 Bxd7 27. Bxd7) 26... Qa5 $36 {[%mdl 2048] Keeping White busy.} 27. Qe3 Bb6 28. Nd4 Bb7 {Played: Rb8-d8} 0-1

[Event "XVIII Orsha GM 2020"]
[Site "Orsha"]
[Date "2020.01.21"]
[Round "5.3"]
[White "Zarubitski, Viachaslau"]
[Black "Afanasiev, Nikita"]
[Result "0-1"]
[WhiteElo "2451"]
[BlackElo "2516"]
[Annotator "TA"]
[PlyCount "60"]
[EventDate "2020.01.18"]
[EventType "tourn"]
[EventCountry "BLR"]
[SourceTitle "playchess.com"]
[Source "ChessBase"]
[SourceQuality "1"]

{[%evp 19,70,4,3,-27,-48,-56,-65,-81,-79,-83,-70,-83,-83,-73,-69,-77,-53,-139,-140,-147,-149,-132,-146,-131,-134,-144,-147,-149,-141,-163,-130,-130,-127,-178,-167,-443,-433,-267,-131,-693,-416,-368,-354,-872,-851,-1597,-1503,-1548,-1533,-989,-231,-568,-561]} 1. e4 c5 2. Nf3 Nc6 3. d4 cxd4 4. Nxd4 Nf6 5. Nc3 g6 6. Be3 Bg7 7. Be2 O-O 8. O-O d5 9. exd5 Nb4 10. d6 Qxd6 11. Ndb5 {B34: Sicilian: Accelerated Dragon with 5 Nc3: sidelines.} Qb8 $1 {The main line 11...Qb8 scores better than 11...Qxd1.} 12. Bc5 Nc6 13. Bf3 {Black is slightly better.} a6 14. Na3 Nd7 15. Be3 Nde5 16. Bb6 Nxf3+ 17. Qxf3 {[#]} Qd6 $146 {White must now prevent ...Ne5.} (17... Ne5 $5 {[%cal Re5f3]} 18. Qf4 Qd6 $15) ({Predecessor:} 17... Ne5 18. Qg3 Qd6 19. Be3 Be6 20. Rfe1 Qb4 21. Rab1 Rac8 22. Bd2 Qg4 23. Qxg4 Nxg4 {½-½ (104) Kormanyos,Z (2245)-Forintos,G (2465) Budapest 1981}) 18. Rfd1 (18. Nd5 $15) 18... Qb4 $36 {[%mdl 2112] [#] Double Attack. Keeping White busy.} 19. Nd5 Qxb2 20. Rab1 Qxa2 21. Bc5 Be6 22. Nxe7+ Nxe7 23. Bxe7 Rfe8 24. Rxb7 Rac8 25. c4 h5 {And now ...Bg4 would win.} 26. h3 {[#]} (26. Bd6 $17 {was necessary.}) 26... Rb8 $1 $19 {[%cal Rb8b7] Hoping for ...Rxb7.} 27. Rdb1 $2 (27. Rb4 {might work better.}) 27... Rxb7 28. Rxb7 Qa1+ (28... Qd2 $19 29. g4 hxg4 30. hxg4 Be5) 29. Kh2 $2 {[%mdl 8192]} (29. Rb1 $17 Qa2 30. Bb4) 29... Be5+ 30. g3 Bf5 {Played: Qa1-f1} 0-1

[Event "XVIII Orsha GM 2020"]
[Site "Orsha"]
[Date "2020.01.21"]
[Round "5.4"]
[White "Teterev, Vitaly"]
[Black "Pang, Tao"]
[Result "1/2-1/2"]
[WhiteElo "2476"]
[BlackElo "2367"]
[Annotator "TA"]
[PlyCount "122"]
[EventDate "2020.01.18"]
[EventType "tourn"]
[EventCountry "BLR"]
[SourceTitle "playchess.com"]
[Source "ChessBase"]
[SourceQuality "1"]

{[%evp 19,122,8,35,0,46,56,55,31,42,43,34,0,9,0,12,10,10,4,31,37,31,22,33,35,66,72,73,75,88,83,83,93,112,79,90,83,90,85,83,89,87,89,72,73,77,70,70,69,134,124,124,139,138,136,127,133,126,64,64,64,66,66,64,63,147,93,93,93,93,93,93,93,93,93,93,93,93,69,93,68,68,65,93,68,93,93,93,93,93,93,93,35,35,35,35,35,35,35,35,36,36,36,40,8,8]} 1. Nf3 d5 2. g3 Nf6 3. Bg2 g6 4. O-O Bg7 5. d3 O-O 6. Nbd2 c5 7. e4 Nc6 8. Re1 Re8 9. c3 e5 10. exd5 Nxd5 11. Qb3 {A08: King's Indian Attack} (11. Ng5 $5) 11... Nb6 12. Ne4 (12. Nc4 Bf5 13. Rd1 Nxc4 14. dxc4 Qc7 15. Be3 e4 16. Nh4 Bg4 17. Re1 f5 18. h3 Bh5 19. Bxc5 {0-1 (32) Henriquez Villagra,C (2594)-Gajewski,G (2619) chess24.com INT 2019}) 12... Be6 13. Qc2 $146 {White is slightly better.} ({Predecessor:} 13. c4 Qe7 14. Be3 Nd4 15. Nxd4 cxd4 16. Bd2 Rad8 17. Bb4 Qc7 18. Qa3 Nc8 {1-0 (47) Krysztofiak,M (2436)-Rej,T (2334) Warsaw 2010}) 13... Qe7 14. Be3 Nd7 15. Neg5 Bd5 $1 16. a3 Rad8 17. c4 Bxf3 $1 18. Nxf3 Qd6 19. Ng5 $36 {[%mdl 2048] White is pushing.} Nf6 20. Rad1 a6 21. Qa4 Rc8 22. b4 cxb4 23. axb4 h6 24. Ne4 Nxe4 25. Bxe4 Bf8 26. Rb1 Rb8 27. b5 Nd4 28. bxa6 bxa6 29. Kg2 Qa3 30. Qxa3 Bxa3 31. Bxh6 a5 32. Rxb8 Rxb8 33. Ra1 Nc2 (33... Rb3 $14) 34. Ra2 $16 Rb2 35. Rxb2 Bxb2 {[%mdl 4096] Endgame KBB-KBN} 36. c5 Bd4 37. c6 {[#] Threatening mate with c7.} Bb6 38. Bd2 (38. g4 $16) 38... f5 $1 $14 {[%cal Rf5e4]} 39. Bd5+ Kf8 40. f4 exf4 $1 41. Bxf4 {[#] And now Bc4 would win.} Ke7 ({Black should try} 41... Nb4 $1 $14 42. Bd6+ (42. Bf3 Nxd3 43. Bd6+ Ke8 $11) 42... Ke8) 42. c7 (42. Bg8 $142 Kd8 43. Bf7) 42... Bxc7 $16 43. Bxc7 {Bc6 is the strong threat.} Ne3+ 44. Kf3 Nxd5 45. Bxa5 {KB-KN} Ke6 46. Bd2 Kf6 47. Bc1 Ke6 48. Bb2 Nb4 49. Ke2 Nd5 50. Bh8 Kd6 51. Kf3 Ke6 52. d4 Kd6 53. Be5+ Ke6 54. Ke2 Ne7 55. Kf2 (55. Ke3 $16) 55... Nc6 $14 56. Bh8 Nd8 57. Ke3 Kd5 $1 58. Bf6 Ne6 59. Be5 Nf8 60. Kd3 Ne6 61. Kc3 Ng5 {Accuracy: White = 59%, Black = 55%.} 1/2-1/2

[Event "XVIII Orsha GM 2020"]
[Site "Orsha"]
[Date "2020.01.21"]
[Round "5.5"]
[White "Bryakin, Mikhail"]
[Black "Nozdrachev, Leonid"]
[Result "1-0"]
[WhiteElo "2442"]
[BlackElo "2404"]
[Annotator "TA"]
[PlyCount "108"]
[EventDate "2020.01.18"]
[EventType "tourn"]
[EventCountry "BLR"]
[SourceTitle "playchess.com"]
[Source "ChessBase"]
[SourceQuality "1"]

{[%evp 13,108,0,0,0,0,0,26,31,117,95,86,72,74,59,63,45,63,60,94,89,113,113,112,70,132,77,97,76,106,67,67,67,67,67,74,68,68,68,84,84,84,79,84,85,86,95,87,90,85,77,77,61,90,80,97,111,97,82,97,0,97,64,97,83,97,76,76,76,173,76,118,0,209,66,76,76,76,76,76,0,158,144,295,295,287,271,516,524,585,526,840,873,988,972,927,884,916]} 1. d4 Nf6 2. Nf3 e6 3. g3 d5 4. Bg2 Be7 5. O-O O-O 6. c4 dxc4 7. Qc2 b5 8. a4 {E05: Open Catalan: 5 Nf3 Be7} b4 9. Nfd2 Nd5 (9... c6 10. Nxc4 Qxd4 11. Rd1 Qc5 12. b3 Ba6 13. Nbd2 Nbd7 14. Bb2 Rad8 15. e3 Qh5 {0-1 (38) Maghsoodloo,P (2688)-Nakamura,H (2746) St Petersburg 2018}) 10. Nxc4 {White has an edge.} a5 (10... Ba6 $14) 11. Rd1 $146 ({Predecessor:} 11. b3 Bb7 12. Bb2 Nd7 13. Nbd2 c5 14. Rfd1 cxd4 15. Bxd4 Bf6 {1-0 (42) Erdos,V (2605)-Timmermans,M (2375) Skopje 2018}) 11... Nd7 12. e4 N5b6 {[#]} 13. Nbd2 $1 Bb7 14. Nb3 Nxc4 15. Qxc4 Qc8 16. Be3 Ra6 17. Rdc1 c6 18. f4 Ra8 (18... Qa8 $14) 19. h3 (19. d5 $142) 19... Qe8 20. Kh2 Bd8 21. Nc5 (21. Qd3 {keeps more tension.} Be7 22. Rc2 Qb8 23. Bf3 Rd8 24. Qe2) 21... Nxc5 22. Qxc5 Be7 23. Qc2 Qd7 24. e5 {[%cal Rg2c6]} Rac8 25. Be4 c5 26. dxc5 {[#] aiming for c6.} (26. Bxh7+ Kh8 $17) 26... Bxe4 27. Qxe4 Qc6 28. Qxc6 Rxc6 29. Rc2 Rd8 30. Kg2 f5 31. Kf3 Kf7 32. g4 g6 33. Ke2 Rd7 34. Rd1 Rdc7 35. Rc4 Ke8 36. Rc2 Kf7 $1 37. b3 Ke8 38. Bf2 Rc8 39. gxf5 gxf5 40. Rg1 R8c7 (40... Kf7 $16) 41. Bd4 (41. Rg8+ $18 {is more deadly.} Kf7 42. Rg1) 41... Rd7 42. Bf2 (42. Ke3 $16) 42... Kf7 $2 (42... Rdc7 $1 $11) 43. Rd1 (43. Rd2 $18 Rdc7 44. Rc1) 43... Rdc7 44. Rc4 Ke8 45. Rg1 Bf8 46. Rc2 ({White should play} 46. Be3 $16) 46... Rd7 $2 (46... Be7 $1 $11) 47. h4 $16 h5 $2 (47... Rdc7 $16 {might work better.} 48. h5 Kf7) 48. Rg8 $18 Kf7 49. Rh8 Be7 $2 (49... Rdc7 50. Rh7+ (50. Rxh5 Rc8 $16) 50... Bg7) 50. Ra8 {White is clearly winning.} Bd8 51. Rd2 Ke7 52. Rd6 Rdxd6 53. exd6+ Kd7 54. Ra7+ Kc8 {Accuracy: White = 52%, Black = 35%.} 1-0

[Event "XVIII Orsha GM 2020"]
[Site "Orsha"]
[Date "2020.01.21"]
[Round "6.1"]
[White "Lazavik, Denis"]
[Black "Nozdrachev, Leonid"]
[Result "1-0"]
[WhiteElo "2411"]
[BlackElo "2404"]
[Annotator "TA"]
[PlyCount "93"]
[EventDate "2020.01.18"]
[EventType "tourn"]
[EventCountry "BLR"]
[SourceTitle "playchess.com"]
[Source "ChessBase"]
[SourceQuality "1"]

{[%evp 22,93,21,25,39,45,40,57,92,92,97,95,100,103,95,94,104,104,96,94,105,96,102,91,104,104,113,115,124,113,130,121,130,130,154,133,130,130,130,113,110,112,111,109,118,93,192,200,267,272,268,249,224,179,142,146,354,345,345,352,345,344,336,318,395,401,401,401,391,343,524,384,511,522]} 1. d4 e6 2. c4 Nf6 3. Nf3 d5 4. Nc3 Be7 5. Bg5 O-O 6. e3 c6 7. cxd5 cxd5 8. Bd3 Nc6 9. O-O Bd7 10. a3 Rc8 11. Rc1 h6 12. Bh4 Ne4 $146 {D13: Slav Defence: Exchange variation without ...Bf5} ({Predecessor:} 12... Qb6 13. b4 a5 14. Ne5 g5 15. Na4 Qd8 16. Nxd7 Nxd7 17. b5 Na7 18. Bg3 Bxa3 19. Rxc8 Nxc8 20. f4 {1-0 (34) Gkikas,H (2024)-Blitsas,O (1590) Agios Ioannis 2018}) 13. Nxe4 Bxh4 14. Nc5 Rc7 {White is slightly better.} 15. Nxd7 Rxd7 16. Bb5 Rc7 17. Bxc6 bxc6 18. Qa4 Bf6 19. Rxc6 Rxc6 20. Qxc6 Qb8 21. Qc2 Rc8 22. Qd2 Qb3 23. Rc1 Rb8 24. Rc2 a5 25. g3 a4 26. Ne1 Be7 27. Nd3 Bd6 28. Rc3 Qb5 29. Qc2 g6 30. Rc6 Rd8 31. Rc8 Rxc8 32. Qxc8+ Kg7 33. Qc2 $36 {[%mdl 2048] White is in control.} Be7 (33... Qc4 $16 {keeps fighting.} 34. Qe2 e5) 34. Nc5 $18 Bxc5 35. dxc5 {[%mdl 4096] Endgame KQ-KQ} ({Not} 35. Qxc5 Qxb2 36. Kg2 Qe2 $11) 35... Qc6 36. Qc3+ Kf8 37. Qa5 {[#] Strongly threatening Qd8+.} Ke8 38. Qa7 Qb5 $2 (38... g5 $16 39. g4 f6) 39. Qa8+ Ke7 40. c6 Kd6 41. Qf8+ Kxc6 42. Qxf7 Qxb2 43. Qxe6+ Kc5 44. Qc8+ Kd6 45. Qa6+ Ke5 (45... Kc5 {was worth a try.} 46. Qxa4 Kb6) 46. Qxa4 g5 47. Qb4 {Accuracy: White = 100%, Black = 44%.} 1-0

[Event "XVIII Orsha GM 2020"]
[Site "Orsha"]
[Date "2020.01.21"]
[Round "6.2"]
[White "Pang, Tao"]
[Black "Bryakin, Mikhail"]
[Result "1/2-1/2"]
[WhiteElo "2367"]
[BlackElo "2442"]
[Annotator "TA"]
[PlyCount "19"]
[EventDate "2020.01.18"]
[EventType "tourn"]
[EventCountry "BLR"]
[SourceTitle "playchess.com"]
[Source "ChessBase"]
[SourceQuality "1"]

{[%evp 18,19,28,0]} 1. d4 d5 2. c4 c6 3. Nf3 Nf6 4. Nc3 a6 5. cxd5 cxd5 6. Bf4 Nh5 $146 ({Predecessor:} 6... Nc6 7. e3 Bg4 8. h3 Bxf3 9. Qxf3 e6 10. Bd3 Bd6 11. O-O O-O 12. Rfc1 Bxf4 13. Qxf4 Rc8 14. Na4 Nb4 15. Bf1 Rxc1 16. Rxc1 Nxa2 17. Rc7 b5 18. Nc5 Nb4 19. Rb7 h6 20. Qe5 Qa5 21. Rb8 Rxb8 22. Qxb8+ Kh7 23. Qb7 Kg8 24. Qb8+ Kh7 25. Qb7 Kg8 26. Qb8+ {½-½ (26) Abasov,N (2627)-Artemiev,V (2736) Astana 2019}) 7. Bd2 Nf6 8. Bf4 Nh5 9. Bd2 Nf6 10. Bf4 1/2-1/2

[Event "XVIII Orsha GM 2020"]
[Site "Orsha"]
[Date "2020.01.21"]
[Round "6.3"]
[White "Afanasiev, Nikita"]
[Black "Teterev, Vitaly"]
[Result "1/2-1/2"]
[WhiteElo "2516"]
[BlackElo "2476"]
[Annotator "TA"]
[PlyCount "126"]
[EventDate "2020.01.18"]
[EventType "tourn"]
[EventCountry "BLR"]
[SourceTitle "playchess.com"]
[Source "ChessBase"]
[SourceQuality "1"]

{[%evp 15,126,20,31,0,4,0,0,0,5,0,0,-24,-20,-52,0,0,0,-164,-155,-160,-155,-173,-137,-265,-233,-254,-149,-231,-170,-288,-45,-45,-45,-35,-34,-60,-41,-113,-64,-101,-95,-159,-102,-144,-141,-150,-36,-49,-16,-117,-102,-133,-148,-133,-131,-301,-279,-355,-262,-258,-96,-320,-302,-295,-101,-87,-95,-496,-504,-599,-508,-630,-653,-629,-622,-538,-503,-516,-470,-1587,-1150,-29988,-12818,-12798,-2535,-29991,-8418,-5818,-547,-556,-554,-545,-544,-535,-539,-510,-498,-620,-617,-600,-589,-587,-569,-754,-754,-754,-754,-754,-754,-753,-747,-747,-690]} 1. d4 Nf6 2. c4 g6 3. Nc3 Bg7 4. e4 d6 5. h3 O-O 6. Be3 e5 7. d5 a5 8. Nf3 Na6 9. Bd3 {E90: King's Indian: Classical: Early deviations and 6 h3.} Nd7 10. g4 Ndc5 11. Bc2 {The position is equal.} c6 12. a3 cxd5 13. cxd5 Bd7 {[#]} 14. Qe2 $146 ({Predecessor:} 14. Rb1 a4 15. Nd2 b5 16. Na2 Rb8 17. b4 axb3 18. Nxb3 Na4 19. Qd2 Rc8 20. Rc1 {½-½ (49) Nguyen,H (2433)-Megaranto,S (2527) Tagaytay City 2017}) 14... Qe8 (14... Rb8 $15) 15. a4 $11 f5 16. Ra3 $2 (16. gxf5 $11 {and White stays safe.} gxf5 17. Rg1) 16... fxg4 $19 {[%mdl 64] Discovered Attack} 17. Nd2 gxh3 18. Nc4 Qe7 19. Nb5 (19. Nb6 $17) 19... Qh4 20. Nbxd6 {intending Bxc5.} Rad8 (20... Rf6 $19 {And now ...Raf8 would win.} 21. Qf1 Raf8) 21. Qf1 (21. Qd2 $17 Qg4 22. Qe2) 21... Bg4 22. Nb5 (22. Qg1 {was worth a try.}) 22... Qf6 $2 (22... Rd7 $19 {aiming for ...Nb4.} 23. Rc3 Rdf7) 23. Rxh3 $15 Bxh3 24. Qxh3 b6 25. Qg2 h6 26. Bd1 (26. Rc3 $15) 26... Kh7 27. Be2 Qh4 28. Nc3 (28. Nd2 $142) 28... Rb8 (28... Nb4 $142 {...Nc2+ is the strong threat.} 29. Kd1 Ncd3 30. Bxd3 Nxd3) 29. Kd1 Nb4 30. f3 Nd7 (30... Ncd3 $17 {( -> ...Qe1#)} 31. Bxd3 Nxd3) 31. Bf2 Qe7 32. Qh3 (32. Kc1 $11 {remains equal.}) 32... Nc5 $17 33. Bh4 g5 34. Bg3 Ncd3 35. Nb5 $2 (35. d6 $17 Qf7 36. Nd5) 35... Qc5 $19 36. Rc3 Qg1+ 37. Kd2 Nf4 $2 (37... Rbc8 $19 {has better winning chances. White must now prevent ...g4!} 38. Rxd3 Nxd3 39. Bxd3 Rxc4 $1 {[%mdl 512]} 40. Bxc4 Rxf3) 38. Qh2 $2 (38. Bxf4 $17 exf4 39. Rc1) 38... Qa1 $1 39. Nba3 Rfd8 $2 (39... Na2 $19 {and Black stays clearly on top.} 40. Rc2 Rbc8) 40. Rc1 $17 Qa2 {Hoping for ...Nc6.} 41. Bd1 $2 {[%mdl 8192]} (41. Qg1 $17) 41... Nfd3 $19 42. Rc2 Nxc2 43. Kxd3 Nxa3 44. Nxa3 Qa1 45. Qd2 Rbc8 46. Nc4 Qb1+ 47. Kc3 (47. Qc2 $142 Qa1 48. Ke2) 47... Bf8 48. Kb3 {[#]} Rxc4 (48... b5 $142 $1 49. Nb6 (49. axb5 a4+) 49... bxa4+ 50. Kxa4 Rc5 51. Qe3 Rb8 52. Qa3 Qxd1+ 53. b3 Rxb6 54. Bf2 Qe2 $1 {[%mdl 512]} 55. b4 Qd1+ 56. Qb3 Rxb4+ {[%mdl 64] Double Attack, Pin} 57. Ka3 Qxb3#) 49. Kxc4 Rc8+ (49... Bb4 $142 50. Qc2 Rc8+ {[%mdl 64] Skewer} 51. Kb3 Rc3+ {[%mdl 64] Overworked Piece} 52. Qxc3 Bxc3 53. Kxc3 Qxd1 {[%mdl 64] Double Attack} 54. Bxe5 Qxf3+ {[%mdl 64] Double Attack} 55. Kd4 Qb3 $1 {[%mdl 512]}) 50. Kb3 {[#]} Bb4 (50... b5 $142 $1 51. Qe2 (51. axb5 a4+) 51... bxa4+ 52. Kxa4 Rb8 53. Qe3 Qxd1+ 54. Kxa5 Bb4+ 55. Ka6 Qa4#) 51. Bc2 {Black is clearly winning.} Bxd2 (51... Qa1 $142 52. Qd1 {[#]} Rc3+ $1 {[%mdl 512]} 53. bxc3 Qxc3+ 54. Ka2 Qa3+ 55. Kb1 Bc3 56. Bh2 Qb2#) 52. Bxb1 {[%mdl 4096] Endgame KRB-KB} Bf4 53. Bf2 h5 54. Bd3 {If only White now had time for Bb5....} g4 55. fxg4 hxg4 56. Bb5 {Now Bd7 and White clings on.} g3 57. Bxb6 g2 58. d6 Rc1 59. d7 Bg5 60. Be3 g1=Q 61. Bxg1 Rxg1 62. Kc4 Rd1 63. Bc6 Kg7 {[%mdl 32768] Accuracy: White = 39%, Black = 53%. . An unexpected result.} 1/2-1/2

[Event "XVIII Orsha GM 2020"]
[Site "Orsha"]
[Date "2020.01.21"]
[Round "6.4"]
[White "Nozdrachev, Vladislav"]
[Black "Zarubitski, Viachaslau"]
[Result "1-0"]
[WhiteElo "2494"]
[BlackElo "2451"]
[Annotator "TA"]
[PlyCount "33"]
[EventDate "2020.01.18"]
[EventType "tourn"]
[EventCountry "BLR"]
[SourceTitle "playchess.com"]
[Source "ChessBase"]
[SourceQuality "1"]

{[%evp 14,118,31,36,35,28,25,20,18,17,14,0,18,-22,-39,-69,0,0,46,0,19,0,0,-63,-61,-68,-45,-45,-66,-69,-58,-82,-57,-43,-41,-50,-14,-19,0,0,0,0,0,0,0,0,127,131,135,-35,-36,-39,-37,-33,-43,-45,-44,0,-37,-360,-87,-87,-75,-86,0,0,0,0,0,0,0,-88,-73,-120,-106,-905,-231,-216,-198,-191,-169,-176,-155,-6208,-6206,-6208,-5531,-5069,0,0,129,129,129,0,147,148,148,149,507,476,1102,1095,1733,1575,29950,29938,12840]} 1. e4 e5 2. Nf3 Nf6 3. Nxe5 d6 4. Nf3 Nxe4 5. Nc3 Nxc3 6. dxc3 Be7 7. Be3 Nc6 8. Qd2 Bf5 {C42: Petroff Defence: 3 Nxe5 and unusual White 3rd moves.} 9. O-O-O O-O 10. h4 Re8 {[#] The position is equal.} 11. h5 $146 ({Predecessor:} 11. Bd3 Qd7 12. h5 Bxd3 13. Qxd3 Qg4 14. Nd4 Nxd4 15. Bxd4 Bf6 16. f3 Qf4+ 17. Kb1 Bxd4 18. cxd4 {½-½ (45) Moiseenko,V (2526)-Guimaraes,D (2322) Moscow 2019}) 11... h6 12. Be2 Bf6 13. g4 Bxg4 14. Rdg1 Bxf3 (14... Qc8 $15) 15. Bxf3 $11 Kh7 16. Bd5 Qd7 $1 17. f3 {Played: Rg1-g6} 1-0

[Event "XVIII Orsha GM 2020"]
[Site "Orsha"]
[Date "2020.01.21"]
[Round "6.5"]
[White "Moiseenko, Vadim"]
[Black "Gleizerov, Evgeny"]
[Result "1-0"]
[WhiteElo "2534"]
[BlackElo "2508"]
[Annotator "TA"]
[PlyCount "47"]
[EventDate "2020.01.18"]
[EventType "tourn"]
[EventCountry "BLR"]
[SourceTitle "playchess.com"]
[Source "ChessBase"]
[SourceQuality "1"]

{[%evp 9,47,33,33,19,20,8,31,36,62,66,60,4,7,6,28,35,25,21,60,42,78,78,219,112,149,39,166,29,114,106,133,130,162,126,204,191,321,321,435,397]} 1. d4 e6 2. c4 f5 3. Nc3 Nf6 4. Bf4 Be7 (4... Bb4 5. e3 Bxc3+ 6. bxc3 b6 7. Qf3 Nc6 8. d5 Na5 9. dxe6 Bb7 10. Qg3 O-O 11. Bxc7 Qe8 12. Nf3 Ne4 {½-½ (44) Kveinys,A (2518)-Vallejo Pons,F (2711) Tallinn 2016}) 5. e3 O-O 6. Qc2 {A85: Dutch Defence: 2 c4 Nf6 3 Nc3} d6 7. Nf3 Qe8 8. h3 {White is slightly better.} Bd8 9. Bh2 $146 ({Predecessor:} 9. g4 Nbd7 10. gxf5 exf5 11. Bd3 Nh5 12. Bg5 Bxg5 13. Nxg5 Nf4 {0-1 (30) Wohlers Armas,F (2170)-Delahaye,R (2166) Val d'Isere 2002}) 9... Nc6 10. c5 (10. Be2 $14) 10... dxc5 11. dxc5 Qe7 12. Na4 Bd7 13. a3 a6 14. Rd1 Nb8 15. Bc4 $36 {[%mdl 2048] White has strong initiative.} Bc6 {[#]} (15... Kh8 $16) 16. Nc3 (16. Nd4 $1 $18) 16... Kh8 17. b4 ({White should play} 17. Ng5 $16) 17... Nbd7 {[#]} (17... Bxf3 $14 18. gxf3 Nc6) 18. Qe2 (18. Nd4 $1 $18) 18... Ne4 (18... Bxf3 $1 $11 {keeps the balance.} 19. gxf3 (19. Qxf3 Nxc5 20. Be5 Nce4 $14) 19... b6) 19. Nxe4 $16 Bxe4 20. O-O Rf6 21. Rd4 {Strongly threatening Rfd1.} e5 (21... c6 $16) 22. Rd2 $18 c6 (22... Bc6 {is a better defense.} 23. Qd1 Qe8) 23. Rfd1 Nf8 24. Nxe5 {Accuracy: White = 36%, Black =  7%.} 1-0

[Event "XVIII Orsha GM 2020"]
[Site "Orsha"]
[Date "2020.01.22"]
[Round "7.1"]
[White "Gleizerov, Evgeny"]
[Black "Lazavik, Denis"]
[Result "1/2-1/2"]
[WhiteElo "2508"]
[BlackElo "2411"]
[Annotator "TA"]
[PlyCount "38"]
[EventDate "2020.01.18"]
[EventType "tourn"]
[EventCountry "BLR"]
[SourceTitle "playchess.com"]
[Source "ChessBase"]
[SourceQuality "1"]

{[%evp 20,21,0,0]} 1. d4 d5 2. c4 c6 3. Nf3 Nf6 4. Nc3 dxc4 5. a4 Bf5 6. e3 e6 7. Bxc4 Bb4 8. O-O O-O 9. Nh4 Nbd7 10. Nxf5 exf5 11. Bd2 {Predecessor:} Qe7 $146 12. a5 a6 13. Qb3 Rab8 14. Rfe1 Bd6 15. f3 c5 16. e4 cxd4 17. exf5 Qd8 18. Nd5 Nc5 19. Nxf6+ Qxf6 {0-1 (32) Meskovs,N (2546)-Andriasian,Z (2585) chess.com INT 2018} 1/2-1/2

[Event "XVIII Orsha GM 2020"]
[Site "Orsha"]
[Date "2020.01.22"]
[Round "7.2"]
[White "Zarubitski, Viachaslau"]
[Black "Moiseenko, Vadim"]
[Result "1/2-1/2"]
[WhiteElo "2451"]
[BlackElo "2534"]
[Annotator "TA"]
[PlyCount "64"]
[EventDate "2020.01.18"]
[EventType "tourn"]
[EventCountry "BLR"]
[SourceTitle "playchess.com"]
[Source "ChessBase"]
[SourceQuality "1"]

{[%evp 12,64,48,14,13,-8,19,-9,-12,-10,0,0,0,0,0,0,0,-13,-17,-16,9,4,2,0,0,0,0,-25,-25,-22,-20,-21,-20,-23,-22,-31,-33,-45,-15,-12,0,0,0,-5,-4,-4,-4,-4,-4,-4,-4,-4,-4,-4,-4]} 1. e4 e5 2. Nf3 Nc6 3. Bb5 a6 4. Ba4 Nf6 5. O-O Nxe4 6. d4 Be7 7. Qe2 b5 {C84: Closed Ruy Lopez: Unusual White 6th moves} 8. dxe5 ({Reject} 8. Qxe4 d5 $11) 8... d5 $146 (8... Nc5 $5 9. Bb3 $8 Nxb3 10. axb3 Bb7 $11) ({Predecessor:} 8... Nc5) 9. exd6 Nxd6 10. Bb3 O-O 11. Nc3 Re8 12. Bf4 Bg4 13. Bd5 Bf6 14. Qd2 Nc4 15. Bxc4 $1 Bxf3 16. Qxd8 Raxd8 17. Bxc7 Rd7 18. Rfe1 {[%cal Re1e8] [#]} Rc8 19. Bd3 Rdxc7 20. gxf3 {Black should prevent Nd5.} Nb4 21. Bf5 {And now a3 would win.} Rb8 22. a3 Bxc3 23. bxc3 Nd5 24. Rad1 Nxc3 25. Rd6 {The position is equal.} a5 26. Rb6 Rd8 27. Bd3 g6 28. Bxb5 Nxb5 29. Rxb5 Rxc2 30. Rxa5 Rdd2 31. Rf1 Ra2 32. Kg2 Kg7 {Accuracy: White = 63%, Black = 78%.} 1/2-1/2